000 00553nam a2200241 a 4500
001 nice12345678
003 IN_TiNIC
005 20260116011401.0
008 050524s1893 iraa grp 000 0 per
020 _a
_c100
082 0 0 _a891.551
_bIBN
100 _aIbn, Imad
245 _aRozatul Muhibbin
_b Dehnamah
260 _aIran
_bMatba Sepehr
_c1893
300 _a44p
500 _aincludes index and biblioraphy
505 2 _aIndex
650 _aPersian Poetry
700 1 _aIbn, Imad
902 _bSRS
942 _cBK
999 _c1060
_d1060